00789cam a22002174a 450000500170000001000150001702000220003203500130005403700150006708200110008210000270009324500800012026000390020027000620023930000240030150000400032565000350036594200250040099900170042595201290044220100818151427.0 aENG-100827 a8177355716c45.00 aEN-84360 bDBAD / PUB a340.11 aMuthukumar, R. 915064 aJustice ministry and temple administration in Tamilnadu /cby R. Muthukumar bPavai Publicationsc2008aChennai  a142, Johny John Khan Salai, Royappettah,bChennaie600014 a95 p. c20cm (Pbk)  aIncludes bibliographical references aJusticevAdministration915065 2ddccENmMUTh340.11 c42468d42468 00102ddc40718NFICaDBADbDBADd2010-08-18g45.00l0o340.11 RMUpEN-84360r2010-08-18 00:00:00t1v45.00w2010-08-18yEN